Miasta położone najbliżej Warszawy - Statystyki

Ogólne statystyki
  • Ten quiz został rozwiązany 208 razy
  • Średni wynik to 8 z 15
Statystyki odpowiedzi
Pierwsza litera Odległość Miasto Liczba ludności % Poprawnych
M 0 km Marki 32 146
76%
Z 0 km Ząbki 35 336
75%
P 1,7 km Pruszków 61 237
67%
L 2,5 km Legionowo 54 172
65%
P 0,7 km Piaseczno 47 423
64%
Ł 0 km Łomianki 16 056
59%
O 1,0 km Otwock 44 873
56%
W 5,7 km Wołomin 37 138
55%
J 0 km Józefów 20 605
53%
P 0 km Piastów 22 619
46%
Z 0 km Zielonka 17 528
46%
S 0 km Sulejówek 19 481
41%
K 0 km Konstancin-Jeziorna 17 191
37%
K 4,6 km Kobyłka 22 777
36%
O 2,5 km Ożarów Mazowiecki 12 285
33%
Nie znaleziono quizów pasujących do podanych kryteriów
Rozkład punktacji
Procent ludzi z każdym wynikiem
Percentyl według liczby udzielonych odpowiedzi
Twoja historia wyników
Nie rozwiązałeś tego quizu